<The> Visegrad group and the EU - balanced relationship between the Visegrad group and the EU?
Vzájomná koexistencia Vyšehradskej štvorky (V4) a Európskej únie (EÚ). Pôvod vyšehradskej kooperácie. Vyšehradská štvorka verzus Európska únia. Príklady (ne)funkčnej kooperácie v rámci V4 vzhľadom k Európskej únii. České predsedníctvo v Európskej Rade v ponímaní V4. Závery o budúcnosti vzťahu V4 a E...
Guardado en:
| Autor principal: | |
|---|---|
| Formato: | Capítulo de libro |
| Lenguaje: | inglés |
| Materias: | |
| Etiquetas: |
Sin Etiquetas, Sea el primero en etiquetar este registro!
|
MARC
| LEADER | 00000naa$a2200000$$$4500 | ||
|---|---|---|---|
| 001 | 0114862 | ||
| 005 | 20231107112535.8 | ||
| 041 | 0 | |a eng | |
| 044 | |a SK | ||
| 245 | 1 | 0 | |a <The> Visegrad group and the EU - balanced relationship between the Visegrad group and the EU? |c Zuzana Zelenická |
| 520 | |a Vzájomná koexistencia Vyšehradskej štvorky (V4) a Európskej únie (EÚ). Pôvod vyšehradskej kooperácie. Vyšehradská štvorka verzus Európska únia. Príklady (ne)funkčnej kooperácie v rámci V4 vzhľadom k Európskej únii. České predsedníctvo v Európskej Rade v ponímaní V4. Závery o budúcnosti vzťahu V4 a EÚ. | ||
| 610 | 2 | 0 | |a spolupráca hospodárska medzinárodná |
| 610 | 2 | 0 | |a Vyšehradská štvorka |
| 610 | 2 | 0 | |a Európska únia |
| 610 | 2 | 0 | |a história |
| 610 | 2 | 0 | |a demokracia |
| 100 | 1 | |a Zelenická, Zuzana | |